| 000 | 00368nam a2200133Ia 4500 | ||
|---|---|---|---|
| 008 | 240624s9999 xx 000 0 und d | ||
| 041 | _aeng | ||
| 082 | _a658.155 DIE | ||
| 100 | _aDIEBOLD FRANCIS X | ||
| 245 | _aKNOWN THE UNKNOWABLE AND THE UNKNOWABLE | ||
| 260 |
_c2010 _aOxford _bPrinceton University Press |
||
| 300 | _aviii, : 380 : p. : cm. ; 24 | ||
| 365 |
_c _b26 |
||
| 999 |
_c23484 _d23484 |
||